000 01445cam a2200385 i 4500
001 15058241
003 EG-ScBUE
005 20241117095025.0
008 071025t2009 maua f 001 0 eng d
020 _a9780071287869
020 _a0071287868
020 _a9780071283731
020 _a0071283730
040 _aDLC
_beng
_erda
_cDLC
_dDLC
_dEG-ScBUE
082 0 4 _a519.5
_222
_bDOA
100 1 _94553
_aDoane, David P.,
_eauthor.
245 1 0 _aApplied statistics in business and economics /
_cDavid P. Doane, Oakland University, Lori E. Seward, Univesity of Colorado.
250 _aSecond edition.
264 1 _aBoston :
_bMcGraw-Hill Irwin,
_c[2009]
264 4 _cc2009
300 _axv, 834 pages :
_bcolor illustrations ;
_c29 cm.
336 _2rdacontent
_atext
_btxt
337 _aunmediated
_2rdamedia
_bn
338 _avolume
_bnc
_2rdacarrier
490 0 _aThe McGraw-Hill/Irwin series, operations and decision sciences
500 _aIncludes index.
538 _aSystem requirements for accompanying CD-ROM: Microsoft Windows 2000/XP/Vista.
650 7 _aCommercial statistics.
_2BUEsh
_94554
650 7 _aManagement
_xStatistical methods.
_2BUEsh
_94555
650 7 _aEconomics
_xStatistical methods.
_2BUEsh
_94556
655 _vReading book
700 1 _aSeward, Lori Welte,
_d1962-
_eauthor.
_94557
942 _2ddc
_cBB
999 _c11487
_d11487